书目信息 |
| 题名: |
利率市场化背景下城市商业银行经营模式转型研究
|
|
| 作者: | 颜艳旭 著 | |
| 分册: | ||
| 出版信息: | 长春 吉林出版集团股份有限公司 2018 |
|
| 页数: | 190页 | |
| 开本: | 24cm | |
| 丛书名: | ||
| 单 册: | ||
| 中图分类: | F832.22 , F832.33 | |
| 科图分类: | ||
| 主题词: | 利率市场化--li lv shi chang hua--关系--城市商业银行--经营管理--研究--中国 | |
| 电子资源: | ||
| ISBN: | 978-7-5581-5459-1 | |
| 000 | 01039nam0 2200241 450 | |
| 001 | 2151078335 | |
| 005 | 20211018173724.0 | |
| 010 | @a978-7-5581-5459-1@dCNY39.90 | |
| 100 | @a20190729d2018 em y0chiy0120 ea | |
| 101 | 0 | @achi |
| 102 | @aCN@b220000 | |
| 105 | @ay z 000yy | |
| 106 | @ar | |
| 200 | 1 | @a利率市场化背景下城市商业银行经营模式转型研究@Ali lv shi chang hua bei jing xia cheng shi shang ye yin hang jing ying mo shi zhuai xing yan jiu@f颜艳旭著 |
| 210 | @a长春@c吉林出版集团股份有限公司@d2018 | |
| 215 | @a190页@d24cm | |
| 330 | @a本书分九章,内容包括:城市商业银行概述、国外利率市场化进程及启示、利率市场化与城市商业银行效率、利率市场化背景下提高我国城市商业银行的经营效率、城市商业银行盈利模式转型的理论模型、我国城市商业银行盈利模式分析、西方商业银行盈利模式分析等。 | |
| 606 | 0 | @a利率市场化@Ali lv shi chang hua@x关系@x城市商业银行@x经营管理@x研究@y中国 |
| 690 | @aF832.22@v5 | |
| 690 | @aF832.33@v5 | |
| 701 | 0 | @a颜艳旭@Ayan yan xu@4著 |
| 801 | 0 | @aCN@b百万庄@c20211016 |
| 905 | @b1309024-27@dF832.22@e215@f4 | |
| 利率市场化背景下城市商业银行经营模式转型研究/颜艳旭著.-长春:吉林出版集团股份有限公司,2018 |
| 190页;24cm |
| ISBN 978-7-5581-5459-1:CNY39.90 |
| 本书分九章,内容包括:城市商业银行概述、国外利率市场化进程及启示、利率市场化与城市商业银行效率、利率市场化背景下提高我国城市商业银行的经营效率、城市商业银行盈利模式转型的理论模型、我国城市商业银行盈利模式分析、西方商业银行盈利模式分析等。 |
| ● |
| 相关链接 |
|
|
|
|
正题名:利率市场化背景下城市商业银行经营模式转型研究
索取号:F832.22/215
 
预约/预借
| 序号 | 登录号 | 条形码 | 馆藏地/架位号 | 状态 | 备注 |
| 1 | 1309024 | 213090242 | 第一样本阅览室/ [索取号:F832.22/215] | 在馆 | |
| 2 | 1309025 | 213090251 | 第一借阅区/ [索取号:F832.22/215] | 在馆 | |
| 3 | 1309026 | 213090260 | 第一借阅区/ [索取号:F832.22/215] | 在馆 | |
| 4 | 1309027 | 213090279 | 第一借阅区/ [索取号:F832.22/215] | 在馆 |